MDQL
is popping MORE tags! Check the
thread
!
Quizzes
Events
Quiz Creation
Community
Videos
Private Events
Remove Ads
Sign In
Join for FREE
Feedback
Dark Mode
Quiz Categories
Sports
Geography
Music
Movies
Television
Just For Fun
Miscellaneous
History
Literature
Language
Science
Gaming
Entertainment
Religion
Holiday
For Kids
Quiz Lab
Recent
Popular Today
Quiz Kudos Today
Editor Picks
Curator Picks
Quizzes by...
Day
Popularity
Type
Ratings
Length
Year
Community
Subscriptions
Recent Discussions
Orange Saloon
Badges
Playlists
Quests
Create
Leaderboards
Showdown
Live 5
Trivia Bingo
Activity
Puzzle Library
Sporcle Events
Private Events
Virtual Trivia
Globe League
Become a Host
Pub Owners
SporcleCon
Opinionation
Our Games
Videos
Blog
Mobile Apps
Partnerships
Remove Ads and Go Orange
Feedback
Television
TV Characters
TV Show
Sitcom
Network
Friends
Reality Shows
Cast
South Park
Star Trek
The Simpsons
Doctor Who
Television
TV Characters
TV Show
Sitcom
Network
Friends
Reality Shows
Cast
South Park
Star Trek
The Simpsons
Doctor Who
Random Quiz
Search Sporcle
×
Quiz Lab
Quiz Lab
Television
episode
Type in answers that appear in a list
Type in answers that appear in a list
Classic
Best Score? Go Orange.
Persuaders! Episodes Stats
Can you name the Persuaders! Episodes?
By
KoreaInsincere
10m
24 Questions
22 Plays
22 Plays
22 Plays
Comments
Comments
Give Quiz Kudos
Give Quiz Kudos
-
- Ratings
hide this ad
Replay
Link that replays current quiz
Next Quiz
Link to next quiz in quiz playlist
You Got
0%
They Got
Avg Score
43%
Avg Friend Score
Upgrade to see
Score Distribution
Jump to the score distribution portion of the page
Score
0/24
Timer
10:00
0
Plays Today
% Correct
Angie...Angie
77.3%
Overture
72.7%
Greensleeves
68.2%
Powerswitch
63.6%
That's Me Over There
63.6%
The Gold Napoleon
59.1%
A Death In The Family
59.1%
Someone Like Me
54.5%
Five Miles to Midnight
45.5%
Take Seven
45.5%
Chain Of Events
45.5%
The Old, The New and The Deadly
40.9%
% Correct
A Home of One's Own
40.9%
The Long Goodbye
36.4%
The Man in the Middle
36.4%
The Morning After
36.4%
Read and Destroy
36.4%
Element of Risk
31.8%
The Ozerov Inheritance
31.8%
Anyone Can Play
22.7%
To The Death, Baby
22.7%
The Time and The Place
18.2%
Nuisance Value
18.2%
Someone Waiting
18.2%
Quiz Playlist
Details
Report
Send in Message
Add To Playlist
Classic:
Type in answers that appear in a list
Last Updated: Feb 16, 2017
Quiz Scoreboard
CHALLENGE
Sign Up to Join the Scoreboard
Show All
Scores
Hide
Comments
May contain spoilers
Recently Published
Image Sorting: Flags VI
by Barbecue
Geography
2m
Find the 'City' Movie
by crazypaving
Movies
60s
Colored Red Africa Blitz
by spor1
Geography
45s
More to Explore
Quiz From the Vault
Featured Blog Post
14 Easter Pick-up Lines to Find Eggs With
hide this ad
You Might Also Like...
Tags
episode
Today's Top Quizzes in Television
Browse Television
hide this ad
Today's Top Quizzes in episode
Browse episode
Top Contributed Quizzes in Television
1
Survivor Journey Challenge
2
Brooklyn Nine Nine Logic Puzzle (How-To-Play)
3
Total Drama Characters
4
Phoebe Buffay Quotes
5
Survivor Heroes vs. Villains Logic Puzzle
6
Adjectives in 00s TV Shows
7
Survivor Trivia
8
Game of Thrones: Tywin Lannister Start to Finish
9
Emmerdale Characters (from August 2012)
10
Survivor Logic Puzzle: Heroes vs. Villains
Explore More
Trending Topics
Marvel
Anime
Disney
Harry Potter
NBA
Crossword
Kpop
Song
Puzzle
Soccer
Country
Pokémon
WWE
The Office
NFL
hide this ad
More By:
KoreaInsincere
Quiz
Plays
Rating
Category
Featured
Created
Rhymes with Ugg
1,099
4.64
Language
Jan 16, 2015
Depeche Mode UK Album Tracks
90
5.00
Music
Mar 16, 2013
Persuaders! Episodes
22
Television
Mar 16, 2013
Go to Creator's Profile
Score Distribution
Quiz Creator Spotlight
KoreaInsincere
Follow
Send a Message
Quizzes Created
-
Created Quiz Play Count
-
More By This Creator
Popular Quizzes Today
1
Colored Red Africa Blitz
2
Find the US States - No Outlines Minefield
3
Find the 'City' Movie
4
5x2 Blitz: Bands
5
The Countries of the World
6
Find the US States
7
Find the Countries of Europe - No Outlines Minefield
8
US States
More Television Quizzes
Same First Name: TV Character and Actor
Published
Trending Quizzes
Colored Red Europe Blitz I
Colored Red Europe Blitz II
Colored Red Africa Blitz II
Colored Red Europe Blitz III
Colored Red Africa Blitz III
Recently Updated
How Do You Spell That?
pecheneg
Godzilla Movies
pecheneg
Grab Bag: 4-10 Letters
pecheneg
2024 March Madness Bracket
pecheneg
Famous TV Couples
Peacemaker
Champions League XIs: Real Madrid
pecheneg
Largest US Cities 1790-2010
pecheneg
Rides in Walt Disney World
pecheneg
Most Oscar Losses (Acting)
pecheneg
Beyoncé Albums
pecheneg
Trending Topics
NBA
Marvel
Harry Potter
Kpop
Disney
Crossword
Anime
Country
Song
Puzzle
Soccer
The Office
Pokémon
NFL
WWE
Your Account Isn't Verified!
In order to create a playlist on Sporcle, you need to verify the email address you used during registration. Go to your
Sporcle Settings
to finish the process.
Report this User
Report this user for behavior that violates our
Community Guidelines
.
Details:
Send Report
Go to the Sporcle.com Mobile Site →
Comments